000 01230nam0a2200289 4500
001 RU\NLR\bibl\3829
005 20260407115914.0
021 _aRU
_b98-3917
_9188
035 _a(NLR Aleph) 000003710
090 _a8603
_c8603
100 _a19980722d1997 |||y0rusy50 ca
101 0 _arus
102 _aRU
105 _a|||||||||||||
200 1 _aОбразование и воспитание в меняющемся мире
_e(Пособие для педагогов)
_e[Сб. ст.]
_fМеждунар. пед. акад.
_gПод ред. И.И. Валеева и П.В. Конаныхина
210 _aМ.
_cБ.и.
_d1997
215 _a174 с.
_d21
320 _aБиблиогр. в конце ст. и в подстроч. примеч.
606 0 _aПедагогика
_jСборники
_9921924
_3RU\NLR\auth\6619222
686 _aЧ30я43
702 1 _4340
_8rus
_7ca
_aВалеев
_bИ. И.
_gИльяс Иштуганович
_3RU\NLR\auth\773694
_9113687
712 0 2 _4570
_aМеждународная педагогическая академия
_cМосква
_3RU\NLR\AUTH\889949967
_9395683
801 0 _aRU
_bNLR
_c19980722
_gPSBO
801 1 _aRU
_bNLR
_c19980722
852 _aNLR
_j98-3/2567
942 _cBOOK
980 _aNB